Normal view
MARC view
- تاريخ -- تعلم وتعليم
Entry Topical Term
001 - CONTROL NUMBER
- control field: 9089
003 - CONTROL NUMBER IDENTIFIER
- control field: JO-AjAnu
005 - DATE AND TIME OF LATEST TRANSACTION
- control field: 20230606071749.0
008 - FIXED-LENGTH DATA ELEMENTS
- fixed length control field: 230606|| aca||aabn | a|a d
040 ## - CATALOGING SOURCE
- Original cataloging agency: JO-AjAnu
- Transcribing agency: JO-AjAnu
150 ## - HEADING--TOPICAL TERM
- Topical term or geographic name entry element: تاريخ -- تعلم وتعليم
670 ## - SOURCE DATA FOUND
- Source citation: Work cat.: (JO-AjAnu)4688: تاليف السيد، عبد الحميد, author 9088, التاريخ في التعليم الثانوي: اهدافه، مناهجه، تدريسه